Billboard Year End #1's - Statistics

General Stats
  • This quiz has been taken 35 times
    13 since last reset
  • The average score is 29 of 60
Answer Stats
Hint Answer % Correct
2010 Ke$ha Tik Tok
100%
2014 Pharrell Happy
92%
1993 Whitney Houston I Will Always Love You
92%
1999 Cher Believe
83%
2011 Adele Rolling in the Deep
83%
2013 Macklemore & Ryan Lewis ft. Wanz Thrift Shop
83%
1997 Elton John Candle in the Wind-1997
75%
1996 Los Del Rio Macarena (Bayside Boys Remix)
75%
2017 Ed Sheeran Shape of You
75%
2009 Black Eyed Peas Boom Boom Pow
67%
1995 Coolio Gangsta's Paradise
67%
1968 The Beatles Hey Jude
67%
2002 Nickelback How You Remind Me
67%
2007 Beyonce Irreplaceable
67%
2016 Justin Bieber Love Yourself
67%
1982 Olivia Newton-John Physical
67%
2012 Gotye ft. Kimbra Somebody That I Used to Know
67%
2015 Mark Ronson ft. Bruno Mars Uptown Funk
67%
1970 Simon & Garfunkel Bridge Over Troubled Water
58%
1980 Blondie Call Me
58%
1983 The Police Every Breath You Take
58%
1991 Bryan Adams (Everything I Do) I Do It For You
58%
1988 George Michael Faith
58%
2003 50 Cent In Da Club
58%
2008 Flo Rida ft. T-Pain Low
58%
1994 Ace of Base The Sign
58%
2004 Usher ft. Lil John & Ludacris Yeah!
58%
2006 Daniel Powter Bad Day
50%
1981 Kim Carnes Bette Davis Eyes
50%
1985 Wham! Careless Whisper
50%
1979 The Knack My Sharona
50%
1986 Dionne Warwick and friends That's What Friends Are For
50%
1987 The Bangles Walk Like An Egyptian
50%
2005 Mariah Carey We Belong Together
50%
1984 Prince When Doves Cry
50%
1992 Boyz II Men End of the Road
42%
1990 Wilson Phillips Hold On
42%
1964 The Beatles I Want to Hold Your Hand
42%
1969 The Archies Sugar, Sugar
42%
2000 Faith Hill Breathe
33%
1971 Three Dog Night Joy to the World
33%
1978 Andy Gibb Shadow Dancing
33%
1976 Wings Silly Love Songs
33%
1960 Percy Faith and his orchestra Theme from A Summer Place
33%
1974 Barbara Streisand The Way We Were
33%
1967 Lulu To Sir With Love
33%
2001 Lifehouse Hanging By A Moment
25%
1975 Captain & Tennille Love Will Keep Us Together
25%
1966 Sargent Barry Sadler The Ballad of the Green Berets
25%
1972 Roberta Flack The First Time Ever I Saw Your Face
25%
1973 Tony Orlando & Dawn Tie a Yellow Ribbon Round the Ole Oak Tree
25%
1977 Rod Stewart Tonight's the Night (Gonna Be Alright)
25%
1998 Next Too Close
25%
1963 Jimmy Gilmer and The Fireballs Sugar Shack
17%
1961 Bobby Lewis Tossin' and Turnin'
17%
1958 Domenico Modungo Volare (Nel Blu Dipinto Di Blu)
17%
1989 Chicago Look Away
8%
1962 Mr. Acker Bilk Stranger on the Shore
8%
1959 Johnny Horton The Battle Of New Orleans
8%
1965 Sam The Sham and The Pharaohs Wolly Bully
0%
No matching quizzes found
Score Distribution
Percent of People with Each Score
Percentile by Number Answered
Your Score History
You have not taken this quiz since the last reset